| 000 | 00605nam a2200205Ia 4500 | ||
|---|---|---|---|
| 003 | OSt | ||
| 005 | 20250624121948.0 | ||
| 008 | 210210b1989 xxu||||| |||| 00| 0 eng d | ||
| 040 | _cAL | ||
| 041 | _aKannada | ||
| 082 | _aK894.8 JAVL | ||
| 100 |
_aJAVAREGAUDA (D), Ed. _dಜವರೇಗೌಡ (ಡಿ), _9215887 |
||
| 245 |
_aLoka mitra _b ಲೋಕ ಮಿತ್ರ |
||
| 260 |
_aManipala _bKu Shi Haridasa Bhatta Sanmana Samiti _c1989 |
||
| 300 | _a335,x,45 | ||
| 650 |
_aKu Shi Abhinandana Haridasa Bhatta _9215888 |
||
| 690 |
_aKannada Miscellaneous _9215889 |
||
| 906 | _a043248 | ||
| 942 |
_2ddc _cBK |
||
| 999 |
_c92681 _d92681 |
||